Library Banner

تحقیق الجہاد (Record no. 64123)

MARC details
000 -LEADER
fixed length control field 00402nam a22001457a 4500
005 - DATE AND TIME OF LATEST TRANSACTION
control field 20150121112759.0
008 - FIXED-LENGTH DATA ELEMENTS--GENERAL INFORMATION
fixed length control field 150108b xxu||||| |||| 00| 0 eng d
040 ## - CATALOGING SOURCE
Transcribing agency PK-LaUMT
082 ## - DEWEY DECIMAL CLASSIFICATION NUMBER
Classification number KHC 297.72
Item number CHI-T
100 ## - MAIN ENTRY--PERSONAL NAME
Personal name چراغ علی
245 ## - TITLE STATEMENT
Title تحقیق الجہاد
260 ## - PUBLICATION, DISTRIBUTION, ETC. (IMPRINT)
Place of publication, distribution, etc کراچی
Name of publisher, distributor, etc مالک بفیس اکیڈمی و مسعود پبلشنگ
Date of publication, distribution, etc 1967
300 ## - PHYSICAL DESCRIPTION
Extent 399 ص
942 ## - ADDED ENTRY ELEMENTS (KOHA)
Koha item type Books
Holdings
Withdrawn status Lost status Damaged status Home library Current library Date acquired Full call number Barcode Date last seen Koha item type
      UMT Main Campus UMT Main Campus 2015-01-08 KHC 297.72 CHI-T 74773 2015-01-08 Books